Top 10 Filmreihen mit den meisten Teilen - Statistiken

Allgemein
  • Dieses Quiz wurde 140 mal gespielt
  • Das Durchschnittsergebnis liegt bei 2 aus 10
Antwortstatistiken
Platz Anzahl Filme seit Filmreihe % Korrekt
2 25 1962 James Bond
83%
8 12 1977 Star Wars
73%
5 13 1979 Star Trek
33%
10 10 2004 Saw
20%
4 13 1978 Halloween
14%
7 12 1980 Freitag der 13.
9%
6 13 2000 X-Men
6%
9 10 1987 Hellraiser
3%
1 28 1962 Zatoichi
1%
3 14 1988 In einem Land vor unserer Zeit
0%
Keine übereinstimmenden Quizze gefunden
Verteilung der Resultate
Anzahl Personen mit jedem Resultat
Perzentil nach korrekt beantworteten Fragen
Ihre Resultats-Entwicklung
Sie haben dieses Quiz noch nicht gespielt